Sledovanie vplyvu spojiva na zmrašťovanie konopného betónu

Enregistré dans:
Détails bibliographiques
Auteur principal: Juhásová, Denisa (Auteur)
Autres auteurs: Štefunková, Zuzana (Directeur de thèse)
Format: Manuscrit Livre
Langue:slovaque
Publié: 2017
Sujets:
Accès en ligne:http://is.stuba.sk/zp/portal_zp.pl?podrobnosti=125178
https://opac.crzp.sk/?fn=detailBiblioForm&sid=E7FF18FD4FFD5019DFFDE03CC38C
Tags: Ajouter un tag
Pas de tags, Soyez le premier à ajouter un tag!

MARC

LEADER 00000ntm a22000003a 4500
001 stuzp63424
003 SK-STU
005 20230811161457.6
007 ta
008 150427s2015----xo-----f-mn---000-0-slo-d
040 |a STU  |b slo 
041 0 |a slo 
100 1 |a Juhásová, Denisa  |u 010260  |4 aut  |U SvF Stavebná fakulta  |T SvF Katedra materiálového inžinierstva  |X 55189  |U V260  |Y 27  |7 55189 
242 0 1 |a Monitoring of the effect of the filling on the shrinkage of the concrete  |y eng 
245 1 0 |a Sledovanie vplyvu spojiva na zmrašťovanie konopného betónu 
260 |c 2017 
650 4 |a konopný betón  |2 slo 
650 4 |a zmrašťovanie  |2 slo 
650 4 |a vápno  |2 slo 
650 4 |a zeolit  |2 slo 
650 4 |a lime  |2 eng 
650 4 |a shrinkage  |2 eng 
650 4 |a hemcrete  |2 eng 
650 4 |a zeolite  |2 eng 
700 1 |a Štefunková, Zuzana  |u 010260  |k Z1  |4 ths  |U SvF Stavebná fakulta  |T SvF Katedra materiálového inžinierstva  |X 24756  |U V260  |Y 27  |7 A000024756 
856 4 |u http://is.stuba.sk/zp/portal_zp.pl?podrobnosti=125178 
856 4 |u https://opac.crzp.sk/?fn=detailBiblioForm&sid=E7FF18FD4FFD5019DFFDE03CC38C